| 000 | 00686nam a22002177a 4500 | ||
|---|---|---|---|
| 005 | 20150622142810.0 | ||
| 010 | _aENG-112860 | ||
| 020 |
_c550.00 _a9789350353837 |
||
| 035 | _aEN-96392 | ||
| 037 | _bDBAD/PUB | ||
| 082 | _a331.8 | ||
| 100 | _aKumar, H.L. | ||
| 245 |
_aPractical guide to labour management : _cby H.L.Kumar [and] Gaurav Kumar _bA to Z from selection to separation / |
||
| 250 | _a9th ed | ||
| 260 |
_aNew Delhi _bUniversal Law Publishing _c2014 |
||
| 270 |
_aA-58, G.T. Karnal Road Industrial Area, _bDelhi _e110033 |
||
| 300 |
_axxxiv,396p. _c25cm(pbk) |
||
| 500 | _aIncludes index | ||
| 700 | _aGaurav Kumar | ||
| 942 |
_2ddc _cEN _mKUM _h331.8 |
||
| 999 |
_c93307 _d93307 |
||